02368nam a22003615a 4500003000900000005001700009008004100026020001800067040004300085082002300128245009900151246001600250246004200266250001900308264007400327300002700401336002600428337002800454338002700482520034700509520068000856650005201536650003901588650003001627650005501657651001001712653003601722655002401758710004301782942001201825999001701837952015201854EG-ScBUE20220605110359.0190327s2018 at f 000 0 eng d a9781718167872 aEG-ScBUEbengerdacEG-ScBUEdEG-ScBUE04a428.24076bOET22200aOET Nursing :bofficial OET practice book 1 /cCambridge Boxhill Language Assessment (Author).30aOET Nursing33aOET Occupational English Test Nursing aFirst edition. 1aMelbourne, Australia :bCambridge Boxhill Language Assessment,c2018. aiv, 224 pages ;c28 cm 2rdacontentatextbtxt 2rdamediaaunmediatedbn 2rdacarrieravolumebnc aOET is conducted to assess the English Language Fluency Level for overseas qualified health professionals who are looking for career opportunities here in Australia. If you want to migrate to Australia or if you are looking forward to work here in the nursing industry then it is necessary that you should prepare yourself for this OET Test.  aThe Occupational English Test (OET) is designed to meet the specific English language needs of the healthcare sector. It assesses the language proficiency of healthcare professionals who wish to register and practise in an English-speaking environment. OET is owned by Cambridge Boxhill Language Assessment Trust (CBLA), a venture between Cambridge Assessment English and Box Hill Institute. Cambridge Assessment English is a not-for-profit department of the University of Cambridge with over 100 years of experience in assessing the English language. Box Hill Institute is a leading Australian vocational and higher education provider, active both in Australia and overseas. 7aEnglish languagexMedical English.2BUEsh98397 7aMedical personnel, Foreign.2BUEsh 7aNursingxLanguage.2BUEsh 7aEnglish languagexWritingxAbility testing.2BUEsh 2BUEsh bNNURbHHUUEENNbGGENcMarch2019 vReading book9342322 aCambridge Boxhill Language Assessment. 2ddccBB c27315d27286 00102ddc40708BaccahaMAINbMAINc2NDd2019-03-27ePurchaseg650.00l1m1o428.24076 OETp000044487r2026-02-10 00:00:00s2024-07-30v812.50yBB